Open Data Biblioteca Nacional de Portugal


República Portuguesa: Ministério da Cultura
Biblioteca Nacional de Portugal

Catálogo da BNP: acesso por Identificadores Unívocos
Registos Bibliográficos associados ao registo de autoridade

Etiqueta de registo: 00230nam 2200025 450
001 1810896
003 http://id.bnportugal.gov.pt/bib/catbnp/1810896
100 ## $a20120503d2011 k y0pory0103 ba
101 0# $aeng g$dpor$dfre
102 ## $aPT
105 ## $aa m 001yy
106 ## $ar
200 1# $aStudy of forbidden transitions in atomic systems$fPedro Manuel Duarte Gonçalves Amaro$gorient. José Paulo dos Santos, Paul Indelicato
210 #9 $aLisboa$c[s.n.],$d2011
215 ## $aXXIV, 201 p.$cil.$d30 cm
215 ## $a1 disco óptico (CD-ROM) em caixa$cil.$d13 x 14 x 1 cm
305 ## $aEd. impressa e em CD-ROM
320 ## $aBibliografia, p. 167-187
328 #1 $aTese dout. Fisíca, Univ. Pierre et Marie Curie ; Univ. Nova de Lisboa, 2011
675 ## $a539.1(043)$vBN$zpor$3300061
675 ## $a537.5(043)$vBN$zpor$3300086
700 #1 $aAmaro,$bPedro Manuel Duarte Gonçalves$31413432
702 #1 $aSantos,$bJosé Paulo$4727$31021566
702 #1 $aIndelicato,$bPaul$4727$31492150
801 #0 $aPT$bBN$gRPC
966 ## $lBN$mDEM$sS.A. 52000 P.$x1
966 ## $lBN$mFGMON$sS.A. 143678 V.$x1

Etiqueta de registo: 00230nam 2200025 450
001 1739970
003 http://id.bnportugal.gov.pt/bib/catbnp/1739970
100 ## $a20100310d2007 k y0pory0103 ba
101 0# $apor$deng
102 ## $aPT
105 ## $aa m 001yy
106 ## $ar
200 1# $aEstudo de transições a dois fotões em iões e electrões com um e dois electrões$bTexto policopiado]$fPedro Manuel Duarte Gonçalves Amaro$gorient. José Paulo dos Santos
210 #9 $aLisboa$c[s.n.],$d2007
215 ## $a66, 18 f.$cil.$d30 cm
215 ## $a1 disco óptico (CD-ROM) em caixa$cil.$d13 x 14 x 1cm
305 ## $aEd. impressa e em CD-ROM
320 ## $aBibliografia, f. 66
328 #0 $bTese mestr.$cEngenharia Física$eDep. de Física, Fac. de Ciências e Tecnologia, Univ. Nova de Lisboa$d2007
675 ## $a539.17(043)$vBN$zpor$3584101
675 ## $a519.87(043)$vBN$zpor$3297306
700 #1 $aAmaro,$bPedro Manuel Duarte Gonçalves$31413432
702 #1 $92$aSantos,$bJosé Paulo dos$4727$3797472
712 02 $aUniversidade Nova de Lisboa.$bFaculdade de Ciências e Tecnologia.$bDepartamento de Física$4295$31411727
801 #0 $aPT$bBN$gRPC
966 ## $lBN$mDEM$sS.A. 45433 P.$x1
966 ## $lBN$mFGMON$sS.A. 130888 V.$x1

Etiqueta de registo: 00254nam 2200025 450
001 2277569
003 http://id.bnportugal.gov.pt/bib/catbnp/2277569
100 ## $a20260306d2025 k y0pory01030103ba
101 0# $aeng$dpor
102 ## $aPT
105 ## $aa m 000yy
106 ## $ar
200 1# $aPrecision benchmarking of atomic data of highly charged ions$fFilipe Ventura Grilo$gadviser Pedro Manuel Duarte Gonçalves Amaro, José Ramon Crespo López-Urrutia
210 #9 $aLisboa$c[s.n.],$d2025
215 ## $aXXII, 188 p.$cil.$d30 cm
328 #1 $aTese dout. Atomic and Molecular Physics, NOVA School of Science and Technology, Universidade NOVA de Lisboa, 2025
675 ## $a539.1(043)$vBN$zpor$3300061
675 ## $a533.9(043)$vBN$zpor$31229357
700 #1 $aGrilo,$bFilipe Ventura$31989763
702 #1 $aAmaro,$bPedro Manuel Duarte Gonçalves$4727$31413432
702 #1 $aCrespo López-Urrutia,$bJosé Ramon$4727$31990877
801 #0 $aPT$bBN$gRPC
966 ## $lBN$mFGMON$sS.A. 193467 V.$x1
971 ## $cssilva$d20260306
972 ## $e0$z0$d20260413$vasantos
973 ## $cmlsousa$d20260408
975 ## $e0$d20260415$viquintas

OpendataBNP@bnportugal.pt | Mais informação sobre acesso aos dados BNP